00401nam a2200085Ia 4500008004100000245009600041260000900137300012100146650004800267180130s9999 xx 000 0 und d cLindsay, William R.aCognitive-behavioral therapy for people with autism spectrum disorders c2013 aBook title: Psychological therapies for adults with intellectual disabilities--Acession number C20702; pages 173-192 aPEOPLE WITH MENTAL DISABILITIES--PSYCHOLOGY